000 00492 a2200157 4500
000 BKB
001 071489
005 20200902151013.0
008
082 _a725.183
_bM68F
100 1 _aMishra, Ratanlal
245 1 _aFortified cities in ancient India
_cby Ratanlal Mishra
260 _aJaipur
_bLiterary Circle
_c2008
300 _a123p.
690 _aIndia; Antiquities; Cities and towns, Ancient; Excavations (Archaeology); Fortification
999 _c4792
_d4792